Classifica Assist Serie A 2024-25 - Statistics

Statistiche generali
  • Questo quiz è stato fatto 102 volte
  • Il punteggio medio è 8 su 10
Statistiche sulle risposte
Assist Nazione Squadra Calciatore % Corretto
10 Portogallo Milan Rafael Leão
98%
11 Stati Uniti Milan Christian Pulisic
97%
9 Italia Inter Federico Dimarco
92%
9 Argentina Como Nico Paz
92%
10 Belgio Napoli Romelu Lukaku
90%
8 Portogallo Lazio Nuno Tavares
77%
8 Belgio Atalanta Charles De Ketelaere
74%
11 Italia Torino / Atalanta Raoul Bellanova
63%
8 Spagna Genoa Aarón Martín
59%
8 Italia Atalanta Mateo Retegui
56%
Nessun quiz corrispondente trovato
Distribuzione punteggi
Percentuale di utenti per punteggio
Percentile per numero di risposta
I tuoi punteggi nel tempo
Non hai fatto questo quiz